Happiest Countries of The World - Statistics

General Stats
  • This quiz has been taken 34 times
  • The average score is 21 of 25
Answer Stats
Position Answer % Correct
20 Belgium
97%
5 Norway
97%
7 Sweden
97%
12 Australia
93%
2 Denmark
93%
1 Finland
93%
23 France
93%
8 New Zealand
93%
3 Switzerland
93%
9 Austria
90%
11 Canada
90%
19 Czech Republic
90%
17 Germany
90%
4 Iceland
90%
6 Netherlands
90%
13 United Kingdom
90%
10 Luxembourg
87%
16 Ireland
83%
18 United States
83%
22 Malta
67%
14 Israel
63%
25 Taiwan
63%
15 Costa Rica
57%
21 United Arab Emirates
50%
24 Mexico
47%
No matching quizzes found
Score Distribution
Percent of People with Each Score
Percentile by Number Answered
Your Score History
You have not taken this quiz